Estudios en pesquerías chilenas
में बचाया:
| मुख्य लेखक: | |
|---|---|
| स्वरूप: | पुस्तक |
| भाषा: | स्पेनिश |
| प्रकाशित: |
Valparaíso
Universidad Católica de Valparaíso. Escuela de Ciencias del Mar
1985
|
| विषय: | |
| टैग: |
टैग जोड़ें
कोई टैग नहीं, इस रिकॉर्ड को टैग करने वाले पहले व्यक्ति बनें!
|
MARC
| LEADER | 00000nam a2200000 a 4500 | ||
|---|---|---|---|
| 001 | UCV5002 | ||
| 003 | CL-VaPUC | ||
| 008 | 920326e19850000CL |||||||||||||||||spa|d | ||
| 082 | 0 | 4 | |a 639.2 |b MEL |2 21 |
| 100 | |a Melo Fuentes, Teófilo Federico |e autor |9 769702 | ||
| 245 | 1 | 0 | |a Estudios en pesquerías chilenas |
| 300 | |a 154 p | ||
| 942 | |c BK | ||
| 945 | |d 19920326 00:00:00 | ||
| 260 | |a Valparaíso |b Universidad Católica de Valparaíso. Escuela de Ciencias del Mar |c 1985 | ||
| 650 | 0 | |a Pesca |9 258707 | |
| 650 | 7 | |a INVESTIGACIONES |2 CL-VaPUC |9 261211 | |
| 650 | 0 | |a Recursos pesqueros |9 255431 | |
| 651 | 7 | |a CHILE |2 CL-VaPUC |9 299220 | |
| 583 | |a last modification |c 19920326 00:00:00 |k Rodrigo Vera | ||
| 999 | |c 211613 |d 211611 | ||
| 952 | |0 0 |1 0 |4 0 |6 639_200000000000000_MEL_1985 |7 0 |8 CCM |9 191324 |a BIBCUR |b BIBCUR |d 2019-11-14 |i 2589354 |o 639.2 MEL 1985 |p 2589354 |r 2025-04-22 |w 2019-11-14 |y BK |k CIM | ||
| 952 | |0 0 |1 0 |4 0 |6 639_200000000000000_MEL_1985 |7 0 |8 CCM |9 191328 |a BIBCUR |b BIBCUR |d 2019-11-14 |i 3095444 |o 639.2 MEL 1985 |p 3095444 |r 2025-04-22 |w 2019-11-14 |y BK |k CIM | ||
| 952 | |0 0 |1 0 |4 0 |6 639_200000000000000_MEL_1985 |7 0 |8 A |9 191329 |a BIBING |b BIBING |d 2019-11-14 |i 1703161 |o 639.2 MEL 1985 |p 1703161 |r 2025-01-20 |w 2019-11-14 |y BK |k GEO | ||